Loreto College Library, Kolkata
WEBOPAC (ONLINE PUBLIC ACCESS CATALOGUE)

Handbook for counsellors (Record no. 3141)

MARC details
000 -LEADER
fixed length control field 00686nam a2200217Ia 4500
008 - FIXED-LENGTH DATA ELEMENTS--GENERAL INFORMATION
fixed length control field 131103s9999 xx 000 0 und d
040 ## - CATALOGING SOURCE
Original cataloging agency Loreto College
041 ## - LANGUAGE CODE
Language code English
082 ## - DDC | ডিউই
Classification number | বর্গসংখ্যা 301.431/MEH;371.4/MEH
Book Number | গ্রন্থাঙ্ক LCLIB/26053
100 ## - MAIN ENTRY--PERSONAL NAME | মুখ্য সংলেখ - ব্যাক্তিনাম
Personal name | ব্যাক্তিনাম Mehta,Perin H.
245 ## - TITLE STATEMENT | অাখ্যা বিবরণী
Title | অাখ্যা Handbook for counsellors
Statement of responsibility | লেখকের দায়িত্বের বিবরণ Perin H. Mehta,Khorshed A.Wadia and John G. Odgers
260 ## - IMPRINT | প্রকাশনা ক্ষেত্র
Place of publication | প্রকাশ স্থান Delhi
Name of publisher | প্রকাশকের নাম National Council of Educational Research and Training
Date of publication | প্রকাশ কাল 1964
300 ## - PHYSICAL DESCRIPTION |
Page / Vol. No | পৃষ্ঠা / খন্ড সংখ্যা 84 p.
504 ## - BIBLIOGRAPHY, ETC. NOTE
Bibliography, etc Reprinted 1972
630 ## - SUBJECT ADDED ENTRY--UNIFORM TITLE
Uniform title Student Guidance and Counselling
650 ## - SUBJECT ADDED ENTRY--TOPICAL TERM | বিষয় শিরোনাম - মূল বিষয়
Topical term | মূল বিষয় Counselling
651 ## - SUBJECT ADDED ENTRY--GEOGRAPHIC NAME | বিষয় শিরোনাম - ভৌগলিক নাম
Geographic name | ভৌগলিক বিষয় Schools and their activities
700 ## - ADDED ENTRY--PERSONAL NAME | অতিরিক্ত সংলেখ - ব্
Personal name | ব্যাক্তিনাম Wadia,Khorshed A.,auth.
850 ## - HOLDING INSTITUTION
Holding institution LCLIB
942 ## - ADDED ENTRY ELEMENTS (KOHA)
Koha item type Books
Holdings
Withdrawn status Lost status Damaged status Not for loan Home library Current library Date acquired Total Checkouts Full call number Accession No. Date last seen Price effective from Koha item type
        Loreto College Loreto College 04/11/2013   301.431/MEH;371.4/MEH LCLIB/26053 B3003 04/11/2013 04/11/2013 Books